Poslední ortodoxní komunisti chcú žiť z turizmu

Vyučovanie angličtiny v najuzatvretejšej krajine sveta, v Kórejskej ľudovodemokratickej republike. Prísne opatrenia voči cudzincom. Policajné hliadky. Organizovaný cestovný ruch. Prínos turizmu v podobe cudzej meny.

Uložené v:
Podrobná bibliografia
Hlavný autor: Blažej, Ján
Médium: Kapitola
Jazyk:Slovak
Predmet:
Tagy: Pridať tag
Žiadne tagy, Buďte prvý, kto otaguje tento záznam!

MARC

LEADER 00000naa a2200000 4500
001 0199693
005 20231113083439.6
041 0 |a slo 
044 |a SK 
245 1 0 |a Poslední ortodoxní komunisti chcú žiť z turizmu  |c Ján Blažej 
520 |a Vyučovanie angličtiny v najuzatvretejšej krajine sveta, v Kórejskej ľudovodemokratickej republike. Prísne opatrenia voči cudzincom. Policajné hliadky. Organizovaný cestovný ruch. Prínos turizmu v podobe cudzej meny. 
610 2 0 |a ruch cestovný 
610 2 0 |a vzdelávanie 
610 2 0 |a kontrola 
610 2 0 |a Severná Kórea 
100 1 |a Blažej, Ján